Schrödinger's killer app : (Record no. 19568)

MARC details
000 -LEADER
fixed length control field 01050cam a22003015a 4500
001 - CONTROL NUMBER
control field 17629389
005 - DATE AND TIME OF LATEST TRANSACTION
control field 20150813122602.0
008 - FIXED-LENGTH DATA ELEMENTS--GENERAL INFORMATION
fixed length control field 130219t2013 flua frb 001 0deng d
020 ## - INTERNATIONAL STANDARD BOOK NUMBER
International Standard Book Number 9781439896730 (pbk. : alk. paper)
040 ## - CATALOGING SOURCE
Original cataloging agency DLC
Language of cataloging eng
Transcribing agency DLC
Modifying agency EG-ScBUE
043 ## - GEOGRAPHIC AREA CODE
Geographic area code n-us---
050 00 - LIBRARY OF CONGRESS CALL NUMBER
Classification number QA76.889
Item number .D69 2013
082 00 - DEWEY DECIMAL CLASSIFICATION NUMBER
Classification number 004.1
Edition number 22
Item number DOW
100 1# - MAIN ENTRY--PERSONAL NAME
Personal name Dowling, Jonathan P.
9 (RLIN) 38341
245 10 - TITLE STATEMENT
Title Schrödinger's killer app :
Remainder of title race to build the world's first quantum computer /
Statement of responsibility, etc Jonathan P. Dowling.
260 ## - PUBLICATION, DISTRIBUTION, ETC. (IMPRINT)
Place of publication, distribution, etc Boca Raton :
Name of publisher, distributor, etc CRC Press / Taylor & Francis Group,
Date of publication, distribution, etc c.2013.
300 ## - PHYSICAL DESCRIPTION
Extent xi, 441 p. :
Other physical details ill. ;
Dimensions 24 cm.
500 ## - GENERAL NOTE
General note Index : p. 431-441.
504 ## - BIBLIOGRAPHY, ETC. NOTE
Bibliography, etc Bibliography : p. 420-430.
650 #0 - SUBJECT ADDED ENTRY--TOPICAL TERM
Topical term or geographic name as entry element Quantum computers
General subdivision Research
Geographic subdivision United States.
Source of heading or term BUEsh
650 #0 - SUBJECT ADDED ENTRY--TOPICAL TERM
Topical term or geographic name as entry element Dowling, Jonathan P.
General subdivision Career in information science.
Source of heading or term BUEsh
650 #0 - SUBJECT ADDED ENTRY--TOPICAL TERM
Topical term or geographic name as entry element Information science.
Source of heading or term BUEsh
650 #0 - SUBJECT ADDED ENTRY--TOPICAL TERM
Topical term or geographic name as entry element Quantum theory.
Source of heading or term BUEsh
651 ## - SUBJECT ADDED ENTRY--GEOGRAPHIC NAME
Source of heading or term BUEsh
653 ## - INDEX TERM--UNCONTROLLED
Resource For college Engineering, General
Arrived date list June2015
-- August2015
655 ## - INDEX TERM--GENRE/FORM
Form subdivision
-- 34232
942 ## - ADDED ENTRY ELEMENTS (KOHA)
Source of classification or shelving scheme Dewey Decimal Classification
Holdings
Withdrawn status Lost status Source of classification or shelving scheme Damaged status Not for loan Koha collection Home library Current library Shelving location Date acquired Source of acquisition Total Checkouts Full call number Barcode Date last seen Koha item type
    Dewey Decimal Classification     Baccah Central Library Central Library Lower Floor 10/06/2015     004.1 DOW 000038414 15/07/2025 Book - Borrowing